[Event "Budapest FS06 GM"]
[Site "Budapest"]
[Date "1995.??.??"]
[Round "3"]
[White "Horvath, Jozsef"]
[Black "Csom, Istvan"]
[Result "1-0"]
[WhiteElo "2515"]
[BlackElo "2455"]
[Annotator "Ftacnik,L"]
[PlyCount "61"]
[EventDate "1995.06.??"]
[EventType "tourn"]
[EventRounds "11"]
[EventCountry "HUN"]
[EventCategory "9"]
[SourceTitle "CBM 049"]
[Source "ChessBase"]
[SourceDate "1995.12.01"]
[SourceVersion "1"]
[SourceVersionDate "1995.12.01"]
[SourceQuality "1"]

1. d4 Nf6 2. c4 c6 3. Nc3 d5 4. Nf3 g6 5. cxd5 Nxd5 6. e4 Nb6 7. h3 Bg7 8. Be3
Be6 $6 (8... O-O 9. Be2) 9. Ng5 Bc8 10. Qb3 O-O (10... e6 $6 11. Rd1 $16) 11.
Rd1 Na6 12. Be2 h6 13. Nf3 Be6 (13... Kh7 14. O-O f5 $14) 14. d5 cxd5 15. exd5
Bd7 (15... Bxc3+ 16. bxc3 Nxd5 17. Qxb7 Nac7 18. Bxh6 $16) 16. O-O Qb8 17. Nd4
Nc8 (17... Nc5 18. Qa3 Rc8 19. Ndb5 a6 20. Na7 $1 Rxa7 21. Bxc5 $16) 18. Ne4
Bf5 $6 (18... Nd6 19. Bf4 Rc8 20. Nxd6 exd6 21. Qg3 Be5 22. Nf3 $1 Bxf4 23.
Qxf4 $16) 19. Nxf5 gxf5 20. Nc3 (20. Ng3 f4 21. Bxa6 bxa6 22. Qxb8 Rxb8 23.
Bxf4 Rxb2 24. Nf5 Rxa2 $10) 20... Nd6 21. Qa4 Qd8 (21... Nc7 22. Qh4) (21...
Qc8 22. Qh4 Re8 23. Bxh6 $16) 22. Bxa6 bxa6 23. Qxa6 Qc8 24. Qe2 (24. Qxc8
Rfxc8 25. Bd4 Rab8 $132) 24... Qc4 25. Rfe1 Rfc8 (25... Qxe2 26. Rxe2 Nc4 27.
Bd4 $16) 26. Qh5 Kh7 (26... f4 27. Bc1 Rc7 28. Qg4 $16) (26... Bxc3 27. bxc3
Qxa2 28. Bxh6 $18) 27. Bc1 Rc7 28. Re3 Qa6 (28... f4 29. Rf3 Rb8 30. Rxf4 Qa6
31. Rh4 $18) 29. Rde1 Qb7 30. Rg3 Rg8 (30... Rac8 31. Bxh6 Bxh6 32. Re6 $1 fxe6
33. Qg6+ Kh8 34. Qxh6#) 31. Re6 $1 (31. Re6 fxe6 32. Qg6+ Kh8 33. Bxh6 Ne8 34.
Qh5 $1 $18) 1-0

[Event "EU-chT (Men) 14th"]
[Site "Plovdiv"]
[Date "2003.10.12"]
[Round "2.2"]
[White "Pelletier, Yannick"]
[Black "Mamedyarov, Shakhriyar"]
[Result "0-1"]
[WhiteElo "2604"]
[BlackElo "2595"]
[Annotator "Ftacnik,L"]
[PlyCount "52"]
[EventDate "2003.10.10"]
[EventType "team-swiss"]
[EventRounds "9"]
[EventCountry "BUL"]
[SourceTitle "CBM 098"]
[Source "ChessBase"]
[SourceDate "2004.02.03"]
[SourceVersion "1"]
[SourceVersionDate "2004.02.03"]
[SourceQuality "1"]
[WhiteTeam "Switzerland"]
[BlackTeam "Azerbaijan"]
[WhiteTeamCountry "SUI"]
[BlackTeamCountry "AZE"]

1. Nf3 Nf6 2. c4 g6 3. Nc3 d5 4. cxd5 Nxd5 5. Qb3 Nb6 6. d4 Bg7 7. Bg5 Be6 8.
Qc2 Nc6 9. Rd1 h6 10. Bh4 O-O 11. e3 Nb4 12. Qb1 Bf5 13. e4 Bg4 14. d5 f5 15.
a3 g5 (15... fxe4 16. Qxe4 Bxf3 17. gxf3 g5 18. axb4 gxh4 19. Rg1 Qd6 20. Bd3
Rf7 21. Rg6 Rf6 22. Rg4 {1-0 Sadler,M-Gurevich,I/Hastings 1992/ (30)}) 16. axb4
$6 {It is much more difficult for black to find equality after the standard
move 16.Bg3. Black's pawn structure will now be far from perfect, but the same
goes for white pawns.} (16. Bg3 f4 17. axb4 fxg3 18. hxg3 Rxf3 19. gxf3 Bxf3
20. Rh2 Bxd1 (20... Nd7 21. Be2 Ne5 22. Qc2 Qd6 23. Kf1 Rf8 24. Nb5 Qf6 {
0-1 Furman,S-Savon,V/USSR/1970/ (47)}) 21. Qxd1 Qd6 (21... a5 22. bxa5 Rxa5 23.
Bh3 Nc4 24. Be6+ Kh8 25. Qh5 Qf8 26. Qxg5 Nxb2 27. Ke2 Qf6 {1/2-1/2 Tisdall,
J-Jansa,V/Aarhus/1983 (35)}) 22. Bh3 Rf8 23. Be6+ Kh8 24. Qh5 Qe5 25. Qg6 Qf6
26. Qxf6 Rxf6 27. e5 Rf8 28. Ne4 Nc4 29. Nxg5 Nxe5 {1/2-1/2 Herraiz Hidalgo,
H-Fernandez Garcia,J/Burgos 2003/ (43)}) (16. Bxg5 hxg5 17. axb4 Qd6 18. Be2
Bxf3 19. gxf3 Qxb4 $11) 16... gxh4 17. Be2 $2 (17. h3 Bxf3 (17... Bh5 18. Be2
Qd6 19. Nxh4 Bxe2 20. Kxe2 fxe4 $15) 18. gxf3 Qd6 19. Rg1 Kh8 $11) 17... Qd6
18. Nd4 (18. h3 Bxf3 19. Bxf3 Qxb4 20. O-O Nc4 $15) 18... Qxb4 $1 {It is
obvious, that black pieces enjoy a perfect ride and Pelletier struggles to
hold his central pieces.} (18... Bxe2 19. Ndxe2 h3 (19... Qxb4 20. exf5 h3 21.
g3 $11) 20. gxh3 Qxb4 21. Rg1 $11) 19. Bxg4 (19. Ne6 Bxc3+ 20. bxc3 Qxc3+ 21.
Rd2 Rf6 $17) 19... fxg4 (19... Bxd4 20. Bxf5 Bxc3+ 21. bxc3 Qxc3+ 22. Ke2 c6
$11) 20. Ne6 (20. Nf5 Bxc3+ 21. bxc3 Qxc3+ 22. Kf1 h3 $17) 20... Bxc3+ 21. bxc3
Qxc3+ 22. Ke2 Rf6 (22... Rf7 23. Qd3 Na4 24. f4 c5 $17) 23. h3 (23. Rc1 Qe5 24.
Nxc7 Rc8 25. Nb5 Rcf8 $19) 23... c6 $1 {White is obviously ill prepared for
the opening of the position.} (23... g3 24. f4 c6 25. Rc1 Qa5 26. Qb3 cxd5 27.
Ra1 Qxa1 28. Rxa1 Rxe6 29. e5 $17) 24. Nd4 (24. hxg4 Qc4+ 25. Qd3 cxd5 26. Qxc4
dxc4 27. Nc5 Raf8 28. f3 Rb8 $17) 24... Raf8 25. f3 (25. Nf5 cxd5 (25... g3 26.
Nxe7+ Kh8 27. Nf5 Nxd5 28. Kf1 Ne7 $19) 26. Rc1 Qe5 27. hxg4 e6 28. Ne7+ Kf7
$19) 25... gxf3+ 26. gxf3 Rxf3 (26... Rxf3 27. Rhg1+ Kh8 $19) 0-1

[Event "Bayern-chI Bank Hofmann 6th"]
[Site "Bad Wiessee"]
[Date "2002.10.29"]
[Round "4"]
[White "Kalka, Arkadius Georg"]
[Black "Golod, Vitali"]
[Result "0-1"]
[WhiteElo "2404"]
[BlackElo "2523"]
[Annotator "Golod,V"]
[PlyCount "118"]
[EventDate "2002.10.26"]
[EventType "swiss"]
[EventRounds "9"]
[EventCountry "GER"]
[SourceTitle "EXT 2003"]
[Source "ChessBase"]
[SourceDate "2002.11.25"]
[SourceVersion "1"]
[SourceVersionDate "2002.11.25"]
[SourceQuality "1"]

1. d4 Nf6 2. c4 g6 3. Nc3 d5 4. Nf3 Bg7 5. cxd5 Nxd5 6. Qb3 {Pretty rare
variant, but I was ready to it. My opponent had only one game in Mega Database
in this opening and exactly in this variant.} Nxc3 $5 {Otherwise black might
have problem with pieces developing.} 7. bxc3 O-O 8. Ba3 {[%cal Ga3f8] After
the game my opponent agreed, that it was not the best place for the bishop.}
Nc6 (8... b6 $5) 9. e3 b6 10. Be2 $5 {Before this move, I played according to
game of Mark Tseitlin:} (10. Rd1 Na5 11. Qc2 c5 12. Be2 Qc7 13. d5 Bg4 14. O-O
Rad8 15. c4 e5 $11 {Van Kooten,L-Tseitlin,M/Groningen,1997(0-1)(73)}) 10... Na5
$5 $146 {Before in all three games black was bringing in his white square
bishop on different fields: "d7","f5" and "b7". All this games you can find in
Mega Database 2002.} 11. Qa4 (11. Qb4 $5 {[%csl Ga3,Gb4,Re7]} c5 12. dxc5 Nc6
$44) 11... Bd7 12. Qd1 {White have decided,that it would be useful to call up
my bishop on ''d7''.} c5 {[%csl Rc3] Now I get convenient game.} 13. O-O Rc8 {
Pretty hasty move.} (13... Qc7 $142 {/\Rad8}) 14. Rc1 Be6 {[%csl Ra2]} 15. Ba6
$1 {Otherwise position of white might become worse.} Rc7 16. Qe2 {I totally
forgot that bishop have freed this strong parking for the queen.} (16. dxc5
$143 Qxd1 17. Rfxd1 Bxa2 $13) 16... Qd7 {[%cal Gd7a4] It was important for me
to call up the white bishop on ''b5''.} 17. Bb5 Qd5 {[%csl Ra2]} 18. c4 Qh5 19.
d5 (19. dxc5 $6 bxc5 {[%cal Ga5b7,Gb7d6]}) 19... Bg4 20. h3 {Maybe it didn't
cost to hurry with this move!} Bxf3 21. Qxf3 Qxf3 22. gxf3 a6 $1 {This move
was impossible if bishop was located on ''a6''.} 23. Ba4 $8 (23. Bxa6 $4 Ra8
24. Bb5 Nb7 $1 $19 {[%csl Ra3] During the game I didn't see this resource,but
was only viewing:} (24... Nxc4 $2 25. Bxc4 Rxa3 $11)) 23... Rb8 {[%cal Gb6b5]}
({Much worse:} 23... Rfc8 {/\Nc4} 24. Rfd1 Nxc4 25. Rxc4 b5 26. Re4 bxa4 27.
Kf1 $13) 24. Rc2 (24. Bd1 $5 Nb7 {/\Nd6 and in case "b5".}) 24... b5 25. Bb3 {
My opponent spent about 35 minutes for this move.He counted next variants:} (
25. Rb1 $2 Rcb7 26. cxb5 axb5 27. Rxc5 bxa4 28. Rxb7 (28. Rbc1 $143 Ra8 29.
Rc8+ (29. d6 Bf6 $19) 29... Rxc8 30. Rxc8+ Bf8 31. d6 Kg7 $19 32. Rc7 $140 Rb1+
) 28... Nxb7 29. Rb5 Bf6 $17 {[%cal Yg8f8,Yf8e8,Ye8d7,Yd7c8]} 30. d6 $2 exd6
31. Bxd6 Rd8 $19) 25... Nxb3 26. axb3 bxc4 $1 (26... a5 $143 27. Rb1 (27. cxb5
$5 Rxb5 28. Rfc1 Rxb3 29. Rxc5 Rxc5 30. Bxc5 {Including moves: Rc1 and a5 is
being useful for white in comparing to the game position.}) 27... b4 28. Bb2 a4
29. bxa4 Ra7 30. Bxg7 Kxg7 31. Ra2 Rba8 32. Rba1 b3 33. Rb2 Rxa4 34. Rxa4 Rxa4
35. Rxb3 Rxc4 $11) 27. Rxc4 ({After:} 27. bxc4 Rb3 $15 {I have two advantages:
o^P in <->a and weak white's pawn "c4".}) 27... Rxb3 28. Rxc5 (28. Bxc5 $2 Rd3
{[%csl Rd5,Rf3]}) 28... Rxc5 29. Bxc5 Kf8 $1 {[%mdl 4096]} (29... Bf6 $6 30. f4
$1 {/\e4-e5}) 30. Rd1 Ke8 31. Bd4 (31. d6 $5 $15) 31... Bxd4 32. Rxd4 a5 (32...
Rb7 $143 33. Kf1) 33. Kg2 $2 $138 (33. Kf1 $142) (33. d6 $5 e6 34. d7+ Kd8 35.
Rd6 Ra3 {[%csl Ya3,Ra5,Rd7][%cal Ya3a5]}) 33... Rb4 $1 34. Rd3 Kd7 35. e4 a4
$17 36. Kg3 (36. e5 $2 f6 {[%csl Rd5,Re5]}) 36... f6 {[%csl Yf6]} 37. Kf4 Kd6
38. Rc3 (38. Ra3 Kc5 {[%cal Yc5b5,Yb5a4,Gb4b3]}) 38... Rb6 39. Ke3 Ra6 $6 ({
I had about 10 minutes and i didn't make the right decision:} 39... Rb3 $1 40.
Kd4 Rxc3 41. Kxc3 Ke5 42. Kb4 Kf4 43. Kxa4 Kxf3 44. Kb5 Kxe4 45. Kc6 f5 46. Kd7
Kxd5 47. Kxe7 Ke4 $19) 40. Ra3 Kc5 41. Kd3 Kb4 42. Ra1 a3 43. Rb1+ Kc5 (43...
Ka4 $4 44. Kc4 a2 $140 45. Rb4+ Ka3 46. Rb3+ Ka4 47. Rb4+ Ka5 48. Rb5+ {
with endless check.}) 44. Rc1+ Kd6 45. Kc2 {[%cal Yc2b1,Yb1a1]} Rb6 $5 ({
Probably was winning immediately:} 45... a2 46. Kb2 $140 (46. Ra1 $143 Ke5 {
[%csl Rf3][%cal Ge5f4]}) 46... a1=Q+ 47. Rxa1 Rxa1 48. Kxa1 Ke5 49. Kb2 Kf4 50.
Kc3 g5 51. Kd4 h5 $1 52. Kc5 Kxf3 53. Kc6 Kxe4 54. Kd7 Kxd5 55. Kxe7 Ke5 $19)
46. Kc3 (46. Ra1 $2 Rb2+ 47. Kd3 (47. Kc3 Rxf2) (47. Kc1 Rb3) 47... a2 $19)
46... g5 $1 {[%csl Ye7,Yf6,Yg5]} 47. Ra1 Ra6 48. Kb3 Ke5 49. Ka2 $1 {To tell
the truth,I didn't consider this move.} ({Loses right away:} 49. Rxa3 Rxa3+ 50.
Kxa3 Kf4 51. Kb4 Kxf3 52. Kc5 Kxe4 53. d6 exd6+ 54. Kxd6 f5 $19 {[%cal Gg5g4]})
49... Kf4 50. Re1 (50. Rc1 $143 Kxf3 51. Rc7 (51. Rc6 Ra7 52. d6 exd6 53. Rxd6
Rf7 $19 {[%csl Re4,Rf2]}) 51... Kxe4 52. Rxe7+ Kxd5 53. Rxh7 Ke4 $19 {[%csl
Rf2][%cal Ge4f3]}) 50... Kxf3 (50... h5 $5 51. Re3 $140 h4 {[%csl Rf2,Rh3,Gh4]
[%cal Ga6a7,Ga7c7,Gc7c2]}) 51. e5 f5 $1 ({I have skipped this trap:} 51... Kxf2
$2 52. exf6 $1 exf6 (52... Kxe1 $4 53. fxe7 Ra8 54. d6 $18 {[%csl Gd6,Ge7]})
53. Re6 Ra7 54. Rxf6+ Kg3 55. Rh6 {with chances for the draw.}) 52. Re3+ Kf4 ({
A much worse:} 52... Kxf2 {in view of:} 53. Rxa3 $132 {[%csl Gd5,Ge5]}) 53. d6
exd6 54. e6 Ra8 55. e7 Re8 56. Kxa3 g4 $19 57. h4 (57. hxg4 $144 fxg4 58. Kb4
h5 {The simplest way to the victory.} 59. Kc4 h4 60. Kd5 h3 61. Kxd6 h2 62. Re1
Kf3 $19) 57... d5 58. Kb4 d4 {[%csl Ye3,Re7,Rf2]} 59. Rd3 $138 (59. Re6 $142
Kf3 60. Kc4 f4 61. Kxd4 Kxf2 62. Re4 f3 63. Rxg4 Rxe7 $19) 59... Rxe7 ({
Also might be followed:} 59... Rxe7 60. Rxd4+ Re4) 0-1

[Event "EU-Cup 19th"]
[Site "Rethymno"]
[Date "2003.10.02"]
[Round "5.5"]
[White "Zvjaginsev, Vadim"]
[Black "Golod, Vitali"]
[Result "1/2-1/2"]
[WhiteElo "2653"]
[BlackElo "2555"]
[Annotator "Golod,V"]
[PlyCount "84"]
[EventDate "2003.09.28"]
[EventType "team-swiss"]
[EventRounds "7"]
[EventCountry "GRE"]
[SourceTitle "CBM 098"]
[Source "ChessBase"]
[SourceDate "2004.02.03"]
[SourceVersion "1"]
[SourceVersionDate "2004.02.03"]
[SourceQuality "1"]
[WhiteTeam "Norilsk Nikel"]
[BlackTeam "Beer Sheva"]
[WhiteTeamCountry "RUS"]
[BlackTeamCountry "ISR"]

1. d4 Nf6 2. c4 g6 3. Nc3 d5 4. Nf3 Bg7 5. cxd5 Nxd5 6. Bg5 $5 {[%cal Ya1c1]
[%mdl 4] This continuation is the next attempt to bring in a "new word " in
theory of the "Grunfeld". This idea more often was applied on the previous
move.} c5 ({Besides Black has two main alternatives:} 6... h6 $5 7. Bh4 {
[%cal Ya1c1]} (7. Bd2 $5 {[%csl Yd2][%cal Ge2e4,Yd2c3] absolutely not clearly:
than position of the White's bishop on point "h4" is better in comparison with
position on point "d2"?})) ({and} 6... Nxc3 7. bxc3 $140 c5) 7. Rc1 ({Also
once were checked in the preceding games:} 7. e3 $6) ({and} 7. e4 $6) 7... Nc6
({On:} 7... Nxc3 $5 8. bxc3 O-O {you can find four games in Mega DataBase 2003.
}) (7... cxd4 $4 {is refuted by:} 8. Nxd5 {[%csl Gc1,Rc8][%cal Gc1c8]}) 8. Nxd5
({Leads to favourable simplifications for Black:} 8. dxc5 $6 Nxc3 (8... Be6 $1
$36) 9. Qxd8+ Nxd8 (9... Kxd8 $5) 10. bxc3 h6 $11) 8... Qxd5 9. Rxc5 Qxa2 10.
Qc1 $5 {All these moves my contender has made very quickly.From my point of
view,this move is much better,than:} (10. Qd2 $6 h6 $1 11. Bh4 $140 g5 $1 12.
Bg3 g4 {[%csl Rd4]} 13. Ne5 Nxe5 14. Bxe5 Bxe5 15. dxe5 (15. Rxe5 $2 Qb1+ 16.
Qd1 Qxb2 $17) 15... Bf5 $15 {[%cal Ga8d8] Ulko,J-Yandemirov,V/Moscow,1998(0-1)
(30)}) 10... h6 $5 $146 {After long meditation I have not decided on the
following dubious continuation:} (10... O-O 11. e3 Be6 (11... e5 12. dxe5 Be6
13. Bf6 Rfc8 14. Bxg7 Nb4 15. Bf8 Kxf8 16. Nd4 $14 {Kachar,V-Vorobiov,E/Bor,
2000(1/2-1/2)(37)}) 12. Bd3 $14 (12. Bb5 $143 {[%csl Yc6,Re7][%cal Gb5c6,Yc6e7]
} Na5 {[%csl Rc1,Rc5][%cal Ga5b3]})) 11. Bd2 ({I have prepared a small trap:} 
11. Rxc6 $2 {[%csl Ra8,Re8]} Bd7 $1 $36 {[%csl Rc6,Rg5]}) 11... O-O {[%csl Rb2]
It's possible to leave Ph6 without protection.} 12. e3 ({Leads to benefit of
the Black:} 12. Bxh6 $6 Bxh6 13. Qxh6 Qxb2 $36 14. Ng5 $140 $4 (14. e3 $5)
14... Qa1+ 15. Kd2 Qxd4+ 16. Ke1 Qb4+ $1 17. Kd1 Rd8+ {[%csl Rc5,Rd1][%cal
Gb4c5]}) 12... Be6 {[%csl Ye6]} 13. Be2 ({Also it deserves attention:} 13. Bd3)
13... Rac8 14. O-O Nb8 $1 {[%cal Gb7b6] <->c The game of Black corresponds to
the requirements of a position.White can hope only for the minimal advantage.}
15. Bc3 Rxc5 {Differently,White will withdraw the rook from point "c5":} (15...
b6 $143 16. Rxc8 Rxc8 17. Qa1 Qxa1 (17... a6 $6 18. Qxa2 Bxa2 19. Nd2 $1 $14 {
[%csl Ra2,Ra6,Yc4][%cal Gf1a1,Yd2c4,Ye2c4]} (19. Ra1 $6 Bc4 20. Bxc4 Rxc4 $11))
18. Rxa1 a5 {+/=/=}) 16. dxc5 Bxc3 17. Qxc3 Rc8 18. Nd4 Nc6 19. f4 $1 {I at
all did not expect this move,and hoped on:} (19. Nxe6 $143 Qxe6 20. b4 a6 $11 {
[%cal Ge6e5]}) 19... Nxd4 ({Hardly it was better:} 19... b6 $6 {because of:}
20. Nxe6 $1 (20. Nxc6 $143 Rxc6 21. Rd1 {[%csl Rg8]} f6 {[%csl Yg8]} 22. Qd3
$11 (22. Rd8+ $6 Kf7 {[%csl Rc3,Rc5]})) (20. cxb6 $143 Nxd4 21. Qxd4 axb6 22.
Qxb6 {[%cal Yb6b2]} Rc2 {[%csl Rb2,Re2]} 23. Bf3 Qb3 $1 {[%csl Rb2,Re3]} (23...
Qxb2 $2 24. Qd8+ Kg7 25. Qxe7 $14) 24. Qxb3 (24. Qd4 Rxb2 $11) 24... Bxb3 25.
Rb1 Ba2 $11 {[%csl Yb1,Rb2][%cal Gc2b2,Yb1b2]}) 20... Qxe6 21. Rc1 $14 {
[%csl Rc8]}) 20. exd4 Qd5 21. Bf3 ({Leads to equality:} 21. Qe3 $6 Rd8 22. Rd1
{[%cal Ye2f3]} Qb3 $1 $11) 21... Qd7 22. Qe3 Bd5 {Too passively,but reliably.}
23. Be2 Bc6 {[%csl Rd4][%cal Gc8d8] +/=/= I should use a weakness of the Pd4.}
24. Rd1 a5 $5 {[%csl Ga5,Rb2][%cal Ya5b4] I blockade Pb2} (24... Rd8 $5) 25. h3
Rd8 26. Bc4 Qf5 {[%csl Rc4,Rd1,Rg2][%cal Gf5c2] (1/2?)} 27. d5 {After a game
Vadim told me,that he has continued to play because of advice of the captain
of his team.} ({Leads to drawn game:} 27. Qxe7 $6 Re8 28. Qc7 $8 (28. Qd6 $4
Qc2 $19 {[%csl Rc4,Rd1,Rg2]}) 28... Qc2 $1 29. Qxf7+ Kh8 30. d5 (30. Qf6+ Kh7
31. Qf7+ Kh8 $11) 30... Qxd1+ 31. Kh2 Re1 32. dxc6 Rh1+ 33. Kg3 Qe1+ 34. Kf3 (
34. Kg4 Qd1+ 35. Kh4 Qe1+ 36. Kg4 (36. g3 $4 Rxh3+ $1 {[%csl Rh4][%cal Ge1g3]}
37. Kxh3 Qh1+ 38. Kg4 Qh5#) 36... Qd1+ $11) 34... Qd1+ 35. Be2 $140 Rf1+ 36.
Ke3 Qc1+ 37. Kd3 Rxf4 {[%csl Rd3,Yf7,Rh8][%cal Gc1c4,Gc4b4,Yf7c4]} 38. Qe8+ {
[%cal Ye8e5]} Kh7 39. Qe7+ Kg8 $11) 27... e6 ({Can it was necessary to decide
on the more active continuation:} 27... Bxd5 $5 28. Qxe7 Rd7 29. Qe8+ Kh7 30.
Rd4 {+/=/=}) 28. d6 Qc2 {[%csl Rb2,Rc4,Rd1,Rg2]} 29. Qe2 $8 Qf5 {[%csl Rc5,Rf4]
} 30. Qf2 {White have decided to continue the game and to not repeat moves:} (
30. Qe5 $6 Qc2 31. Qe2 Qf5 $11) 30... Bxg2 {My contender didn't see this move,
but the protection was found:} 31. Bxe6 $8 (31. Qxg2 $4 Qxc5+ $19 {[%csl Rc4,
Rg1]}) (31. Kxg2 $2 Qe4+ {[%csl Rc4,Rg2] =/+/-/+}) 31... Qxe6 32. Kxg2 Re8 {
I fairly do not want to move the pawn "b7":} (32... b6 $2 33. cxb6 $16 Rxd6
$140 $2 34. b7 $18) 33. Rd2 Qf5 34. d7 Rd8 35. Qd4 ({Hardly it was much better:
} 35. Qe3 Kf8 36. Qd4 Qe6 {[%csl Rd7]}) 35... Qe6 36. Kh2 $14 g5 $6 $138 {
I do not want to think only about defence and I search a counterplay.} ({
Also dubiously:} 36... Kf8 $6 {[%csl Rd7][%cal Gf8e7]} 37. b4 $1 axb4 $140 38.
Qxb4 {[%csl Rf8][%cal Gc5c6]} Qe7 {[%csl Rc5,Rd7]} 39. Qd4 {+/=/+/-} Qe6 $140
$2 40. Qh8+ $1 Ke7 $140 41. Qb2 {[%csl Rb7,Re6,Re7][%cal Gd2e2,Gb2b7]}) ({
Can be recommended:} 36... Qf5 $5) 37. f5 $4 $138 ({I fairly was afraid of the
following idea:} 37. fxg5 hxg5 38. h4 $1 $36 {[%csl Rg8]} g4 $140 39. Kg3 $16)
37... Qxf5 38. Qd6 ({Now senselessly:} 38. Re2 $4 {in view of:} Qxd7 $19 (38...
Rxd7 $5 39. Re8+ Kh7 40. Rh8+ Kg6 41. Rg8+ Kh5 $19)) (38. Qe3 $143 Kf8 {
[%csl Yf8]}) 38... Kg7 ({Leads to favourable simplifications for White:} 38...
Qf4+ $6 39. Qxf4 gxf4 {[%csl Rd7][%cal Yg8f8,Yf8e7]} 40. Rd6 Kf8 41. Kg2 {
[%csl Rf4,Rh6][%cal Gg2f3] =/=/+}) 39. Kg2 (39. Qd4+ $5 Qf6 40. Qe4 $15 {
[%csl Rb7]}) 39... Qe4+ 40. Kf2 Qf5+ 41. Kg2 $15 Qe4+ $6 ({I at all did not
see, that after:} 41... Qe6 $5 42. Qc7 (42. Qd4+ $5 Kf8 $15) {I can exchange
the queens:} 42... Qc6+ 43. Qxc6 bxc6 44. Rd6 f6 45. Kf3 $15 {_|_}) 42. Kf2
Qf5+ 1/2-1/2

[Event "Los Angeles"]
[Site "Los Angeles"]
[Date "2003.08.19"]
[Round "2"]
[White "Taylor, Timothy"]
[Black "Khachiyan, Melikset"]
[Result "0-1"]
[WhiteElo "2401"]
[BlackElo "2473"]
[Annotator "Hecht,H"]
[PlyCount "186"]
[EventDate "2003.08.18"]
[EventType "tourn"]
[EventRounds "9"]
[EventCountry "USA"]
[EventCategory "10"]
[SourceTitle "CBM 097"]
[Source "ChessBase"]
[SourceDate "2003.11.11"]
[SourceVersion "1"]
[SourceVersionDate "2003.11.11"]
[SourceQuality "1"]

1. d4 Nf6 2. c4 g6 3. Nc3 d5 4. Nf3 Bg7 5. cxd5 Nxd5 6. Bg5 h6 7. Bh4 c6 8. e3
O-O 9. Bd3 Nd7 10. Nxd5 cxd5 11. O-O Re8 12. Qb3 Qa5 13. Bb5 a6 14. Bxd7 Bxd7
15. Qxb7 Qb5 16. Qxb5 Bxb5 17. Rfc1 g5 18. Bg3 Rec8 19. h4 f6 20. hxg5 hxg5 21.
Bc7 Kf7 22. Nd2 g4 23. Rc5 e5 24. dxe5 fxe5 25. a4 Be8 26. Nb3 Bf8 27. Rcc1 Ke6
28. a5 Bb5 29. Bb6 Bc4 30. Nd2 Bb5 31. Nf1 Bb4 32. Kh2 Bc4 33. Ra4 Bd6 34. e4
Bb3 35. Rxc8 Rxc8 36. exd5+ Bxd5 37. Rxg4 e4+ 38. Ng3 Rc2 39. Rg6+ Kd7 40. Rg7+
Kc6 41. Kh3 Rxb2 42. Nf5 Be6 43. g4 Be5 44. Rg6 Kd7 45. Kh4 Rb5 46. Rh6 Bxf5
47. gxf5 Bc3 48. Rh7+ Kd6 49. Bc7+ Kc6 50. Kg4 e3 51. fxe3 Rb7 52. Rh6+ Kxc7
53. Rxa6 Rb5 54. f6 Kd7 55. Ra7+ Ke6 56. f7 Bb4 57. a6 Ra5 58. Rb7 Be7 59. a7
Kxf7 60. e4 Ke6 61. Rb6+ Bd6 62. Rb7 Ra4 63. Kf3 Bc5 64. Rh7 Bxa7 65. Rh6+ Ke5
66. Rh5+ Kf6 67. Rf5+ Ke6 68. Rb5 Ra3+ 69. Kg4 Bd4 70. Rb8 Bc5 71. Re8+ Be7 72.
Rc8 Bd6 73. Rc6 Rg3+ 74. Kh4 Rg1 75. Kh3 Ke5 76. Rc2 {[#] White, who started
with three pawns for the piece, now loses the last of the Mohicans. And under
unfavourable circumstances at that, since he already has to operate with his
king on the edge of the board. [#] Weiß, der ursprünglich drei Bauern für die
Figur besaß, verliert nun den letzten Mohikaner auch noch unter ungünstigen
Umständen, weil er frühzeitig mit einem Randkönig operieren muss.} Kxe4 {
Theoretically the position should be drawn. Die Position ist theoretisch
freilich remis.} 77. Rg2 Rh1+ 78. Kg4 Bf4 79. Re2+ Be3 80. Kg3 ({Both now and
on the next move Jetzt und auch im nächsten Zug war} 80. Rg2 {was a good
defence, if not the only one. eine gute Verteidigung, wenn auch nicht die
einzige.}) 80... Rh8 {[#]} 81. Kg2 $2 {Crash no. 1, already Bereits der
Absturz Nr.1} (81. Re1 Rg8+ 82. Kh4 Kf3 (82... Kf5 83. Rf1+ (83. Rxe3 $4 Kf4
$19) 83... Bf4 84. Kh3 Rg3+ 85. Kh2 $1 $11) 83. Rf1+ $11) (81. Rg2 {is the
defence which is easier to handle. ist die einfacher zu handhabende
Verteidigung}) 81... Rg8+ 82. Kh1 Rd8 (82... Kf3 83. Rg2 Rh8+ $19 {would not
be the best wäre nicht optimal}) (82... Rf8 $1 {paradoxically this holds out
longer. paradox, aber am nachhaltigsten!} 83. Kg2 Rf7 84. Rb2 (84. Kh1 Kf3 85.
Rh2 Bf2 86. Rh8 Bg3 87. Kg1 Ra7 88. Rf8+ Bf4 $19) 84... Rg7+ 85. Kh1 Rg1+ 86.
Kh2 Kf3 87. Kh3 Rg8 88. Rb4 Rg7 89. Ra4 Rg1 90. Ra2 Bc1 $19) 83. Rg2 Rd1+ $2 {
Missed chance no.1 Auslasser Nr.1} (83... Rh8+ 84. Rh2 Rf8 $1 $19) 84. Kh2 $11
Bf4+ 85. Kh3 Kf5 86. Rg8 Ke4 87. Rg2 Rd7 88. Rg4 Rd3+ 89. Kg2 $2 {Crash no. 2
Absturz Nr.2} (89. Kh4 Rd1 90. Kh3 Kf3 91. Rg3+ $11) 89... Ke3 $2 {Missed
chance no.2 Auslasser Nr.2} (89... Ra3 $1 90. Rg8 Ra2+ 91. Kf1 Kf3 92. Re8 Rh2
93. Rg8 Bh6 {[%csl Gf8]} 94. Rg6 Be3 95. Rf6+ Bf4 96. Rg6 Rf2+ 97. Ke1 Ra2 $19
{[%csl Gd6]}) 90. Rg8 $2 {Crash no. 3 Absturz Nr.3} (90. Rg6 $1 Rd2+ 91. Kh3 $1
{is OK thanks to Rg6 - pointing out the difference between Rg8? and Rg6! geht
dank Tg6 - hier sieht man den Unterschied zwischen Tg8? und Tg6!}) (90. Kh3 $11
Rd2 91. Rg2 Rd1 92. Rg6 $11) 90... Rd2+ 91. Kh1 Rh2+ 92. Kg1 Kf3 93. Rf8 Rc2
0-1